000 00414nam a2200157Ia 4500
008 240729s9999 xx 000 0 und d
022 _a1879-0313
245 0 _aCurrent Therapeutic Research
260 _aNetherlands
260 _bElsevier
650 _a Therapeutics. Pharmacology
650 _aMedicine
856 _uhttps://doaj.org/toc/52fcd12dfe964b85aa3b3287e3da42cd
942 _2ddc
942 _cDOAJEJ
999 _c70348
_d70348
945 _a1
_bMadushi Gamage
_c1
_dMadushi Gamage